Языки программирования: учебное пособие

Bibliografiska uppgifter
Huvudupphovsman: Тюгашев А. А. Андрей Александрович
Sammanfattning:Книга посвящена многообразию языков программирования, которые играют ключевую роль в управлении компьютерными системами и составляют важнейшую область современных информационных технологий. Издание представляет панорамный взгляд на предметную область, включая историческую ретроспективу и связи с другими областями информатики. Приводится сравнение программирования на языках высокого и низкого уровней (ассемблер). Каждый раздел книги снабжен контрольными вопросами для проверки усвоения материала. Пособие содержит приложение — лабораторный практикум по языку Си. Приведены также специальные главы, посвященные жизненному циклу программных средств современной ИТ-индустрии, проблеме ошибок в программах и методах верификации программного обеспечения, стилю программирования и красоте программ. Издание предназначено студентам и преподавателям высших учебных заведений ИТ-профиля. После выполнения содержащегося в книге лабораторного практикума студент будет способен создавать программы средней сложности на языках C/C++ и базового уровня на языках Лисп и Пролог. Будет полезно читателям — разработчикам программных систем, которые получат представление о том, какую парадигму программирования (императивную, функциональную или логическую) можно использовать более эффективно в своем программном проекте, а также широкому кругу читателей, интересующихся историей программирования и существующими языками программирования.
Språk:ryska
Publicerad: Санкт-Петербург, Питер, 2014
Serie:Учебник для вузов
Стандарт третьего поколения
Для бакалавров и специалистов
Ämnen:
Materialtyp: MixedMaterials Bok
KOHA link:https://koha.lib.tpu.ru/cgi-bin/koha/opac-detail.pl?biblionumber=264269

MARC

LEADER 00000nam0a2200000 4500
001 264269
005 20231101233821.0
010 |a 9785496010061 
035 |a (RuTPU)RU\TPU\book\287260 
090 |a 264269 
100 |a 20140618d2014 m y0rusy50 ca 
101 0 |a rus 
102 |a RU 
105 |a a j 001zy 
200 1 |a Языки программирования  |e учебное пособие  |f А. А. Тюгашев 
210 |a Санкт-Петербург  |c Питер  |d 2014 
215 |a 334 с.  |c ил. 
225 1 |a Учебник для вузов 
225 1 |a Стандарт третьего поколения 
225 1 |a Для бакалавров и специалистов 
320 |a Библиогр.: с. 274-275. 
330 |a Книга посвящена многообразию языков программирования, которые играют ключевую роль в управлении компьютерными системами и составляют важнейшую область современных информационных технологий. Издание представляет панорамный взгляд на предметную область, включая историческую ретроспективу и связи с другими областями информатики. Приводится сравнение программирования на языках высокого и низкого уровней (ассемблер). Каждый раздел книги снабжен контрольными вопросами для проверки усвоения материала. Пособие содержит приложение — лабораторный практикум по языку Си. Приведены также специальные главы, посвященные жизненному циклу программных средств современной ИТ-индустрии, проблеме ошибок в программах и методах верификации программного обеспечения, стилю программирования и красоте программ. Издание предназначено студентам и преподавателям высших учебных заведений ИТ-профиля. После выполнения содержащегося в книге лабораторного практикума студент будет способен создавать программы средней сложности на языках C/C++ и базового уровня на языках Лисп и Пролог. Будет полезно читателям — разработчикам программных систем, которые получат представление о том, какую парадигму программирования (императивную, функциональную или логическую) можно использовать более эффективно в своем программном проекте, а также широкому кругу читателей, интересующихся историей программирования и существующими языками программирования. 
606 1 |a Языки программирования  |2 stltpush  |3 (RuTPU)RU\TPU\subj\65957  |9 82264 
610 1 |a понятия 
610 1 |a история 
610 1 |a императивное программирование 
610 1 |a императивные языки 
610 1 |a структура 
610 1 |a Си 
610 1 |a СИ++ 
610 1 |a объектно-ориентированное программирование 
610 1 |a функциональное программирование 
610 1 |a логическое программирование 
610 1 |a визуальное программирование 
610 1 |a эзотерические языки 
610 1 |a программные средства 
610 1 |a жизненный цикл 
610 1 |a программы 
610 1 |a ошибки 
610 1 |a исправление 
610 1 |a учебные пособия 
675 |a 004.43(075.8)  |v 4 
700 1 |a Тюгашев  |b А. А.  |g Андрей Александрович 
801 1 |a RU  |b 63413507  |c 20140618 
801 2 |a RU  |b 63413507  |c 20190506  |g RCR 
942 |c BK 
959 |a 71/20140416  |d 5  |e 1050,00  |f ЧЗГЛ:1  |f АНЛ:1  |f УФ:3